| 000 | 00710cam a22002411 4500 | ||
|---|---|---|---|
| 001 | sa 65004268 | ||
| 003 | DLC | ||
| 005 | 20260227112129.0 | ||
| 008 | 790425s1961 ii a s000 0 eng | ||
| 010 | _asa 65004268 | ||
| 025 | _aPL480:I-E-3801 | ||
| 035 | _a(OCoLC)4897029 | ||
| 040 |
_aDLC _cNIC _dDLC |
||
| 042 | _apremarc | ||
| 050 | 0 | 0 |
_aDS485.A55 _bA3 no. 2 |
| 100 | 1 |
_aRamesan, N., _d1921- |
|
| 245 | 1 | 0 |
_aGlimpses of Buddhism, _cby N. Ramesan. |
| 260 |
_a[Hyderabad] _bGovt. of Andhra Pradesh, _c1961. |
||
| 300 |
_axvi, 212, lxxiv p. _billus. (part col.) _c25 cm. |
||
| 490 | 1 |
_aAndhra Pradesh Government archaeological series, _vno. 2 |
|
| 650 | 0 | _aBuddhism. | |
| 830 | 0 |
_aArch. series ; _vno. 2. |
|
| 999 |
_c63648 _d63648 |
||